| 000 | 00725nam a22002057a 4500 | ||
|---|---|---|---|
| 003 | BD-DhUL | ||
| 005 | 20211003110850.0 | ||
| 008 | 210826s1996 bg ||||| |||| 00| 0 ben | ||
| 020 | _a9848088377 (hbk) | ||
| 040 |
_aBD-DhUL _cBD-DhUL |
||
| 082 |
_a891.443 _bCHP |
||
| 100 | 1 | _aছফা, আহমদ | |
| 245 | 0 | 0 |
_aপুস্প, বৃক্ষ এবং বিহঙ্গ পুরাণ / _cআহমদ ছফা । |
| 260 |
_aঢাকা : _bসন্দেশ, _c১৯৯৬ (২০০২ মুদ্রণ) । |
||
| 300 |
_a৭৯ পৃ. ; _c২২ সেমি. |
||
| 365 |
_aBDT _b120.00 |
||
| 650 | 4 | _aবাংলা উপন্যাস । | |
| 650 | 4 | _aBengali fiction. | |
| 942 |
_2ddc _cBK |
||
| 999 |
_c254315 _d254315 |
||